<?xml version="1.0" encoding="UTF-8"?>
<marc:record xmlns:marc="http://www.loc.gov/MARC21/slim">
   <marc:leader>00000nam a2200000 a 4500</marc:leader>
   <marc:datafield ind1="1" ind2=" " tag="100">
      <marc:subfield code="a">Grace, Hannah</marc:subfield>
      <marc:subfield code="4">aut</marc:subfield>
      <marc:subfield code="e">Verfasser/-in</marc:subfield>
   </marc:datafield>
   <marc:datafield ind1="1" ind2=" " tag="100">
      <marc:subfield code="a">Betzenbichler, Richard</marc:subfield>
   </marc:datafield>
   <marc:datafield ind1="0" ind2="0" tag="245">
      <marc:subfield code="a">Icebreaker</marc:subfield>
   </marc:datafield>
   <marc:datafield ind1="0" ind2="0" tag="245">
      <marc:subfield code="b">Roman</marc:subfield>
   </marc:datafield>
   <marc:datafield ind1="0" ind2="0" tag="245">
      <marc:subfield code="c">Hannah Grace ; ins Deutsche übertragen von Richard Betzenbichler</marc:subfield>
   </marc:datafield>
   <marc:datafield ind1=" " ind2="1" tag="264">
      <marc:subfield code="a">Köln</marc:subfield>
      <marc:subfield code="b">LYX</marc:subfield>
      <marc:subfield code="c">2023</marc:subfield>
   </marc:datafield>
   <marc:datafield ind1="1" ind2=" " tag="490">
      <marc:subfield code="a">Maple Hills</marc:subfield>
      <marc:subfield code="v">1</marc:subfield>
   </marc:datafield>
   <marc:datafield ind1="1" ind2=" " tag="520">
      <marc:subfield code="a">Seit ihrer Kindheit träumt Anastasia Allen davon, es ins Team USA und somit zu den Olympischen Spielen zu schaffen, und dank ihres Stipendiums an der University of California sowie eines strengen, aber perfekten Zeitplans ist die Eiskunstläuferin ihrem Traum so nah wie noch nie. Doch plötzlich muss eine der wenigen Eissporthallen des Campus geschlossen werden, und kurz darauf fällt auch noch Anastasias Eiskunstlaufpartner aus. Völlig unerwartete bietet ausgerechnet Nathan Hawkins, der beliebte und äußerst attraktive Captain des Eishockeyteams, ihr an, für diesen einzuspringen. Anastasia stimmt dem Angebot zu, doch sie kann sich keine weiteren Ablenkungen leisten - vor allem nicht in Form ihres neuen Partners, der ihr Herz mit jedem noch so kleinen Lächeln schneller schlagen lässt ...</marc:subfield>
   </marc:datafield>
   <marc:datafield ind1=" " ind2=" " tag="020">
      <marc:subfield code="a">9783736320840</marc:subfield>
      <marc:subfield code="9">9783736320840</marc:subfield>
   </marc:datafield>
   <marc:datafield ind1=" " ind2=" " tag="020">
      <marc:subfield code="a">3736320841</marc:subfield>
      <marc:subfield code="9">3736320841</marc:subfield>
   </marc:datafield>
   <marc:datafield ind1="3" ind2=" " tag="024">
      <marc:subfield code="a">9783736320840</marc:subfield>
   </marc:datafield>
   <marc:datafield ind1=" " ind2=" " tag="041">
      <marc:subfield code="a">ger</marc:subfield>
   </marc:datafield>
   <marc:datafield ind1=" " ind2=" " tag="300">
      <marc:subfield code="a">560 Seiten</marc:subfield>
   </marc:datafield>
</marc:record>
